000 01048pam a2200325 a 4500
999 _c2091
_d2091
001 013824084
003 Uk
005 20230306135307.0
008 070813s1996 enka j 000 0 eng d
015 _aGBA766594
_2bnb
016 7 _a013824084
_2Uk
020 _a9781407104294 (pbk.) :
040 _aStDuBDS
_beng
_cStDuBDS
_dUk
_dKH8
042 _aukblsr
082 0 4 _a941.06 DEA
_222
100 1 _aDeary, Terry.
_eauthor
245 1 4 _aSlimy Stuarts /
_cTerry Deary ; illustrated by Martin Brown.
260 _aLondon :
_bScholastic,
_c1996
_g(2007 printing)
300 _a140 p. :
_bill. ;
_c20 cm.
336 _atext
_2rdacontent
337 _aunmediated
_2rdamedia
338 _avolume
_2rdacarrier
490 1 _aHorrible histories
500 _aFormerly CIP.
_5Uk
651 0 _aGreat Britain
_xHistory
_yStuarts, 1603-1714
_vJuvenile literature.
651 0 _aGreat Britain
_xSocial life and customs
_y17th century
_vJuvenile literature.
700 1 _aBrown, Martin,
_d1959-
_eillustrator
830 0 _aHorrible histories.
942 _2ddc
_cNFIC